000 00257nam a22001217a 4500
003 SGT
082 _a617
_bG2000G
100 _aGUPTA, ROSHAN LALL
245 _aCOLOR ATLAS OF SURGERY
260 _aINDIA
_bJAYPEE
_c2000
300 _a207
942 _2ddc
_cBK
999 _c14836
_d14836